LEADER 01093nam a2200289 u 4500 001 000000058761 003 CaOOAMICUS 005 20070226120728.0 008 010612s1985 it u000 u ita u 020 $a8842017833 035 $a10892389 040 $aPUL(R)$bita 100 1 $aPesce, Domenico,$d1913-$0(OLS)http://pul/name/139 245 10$aIntroduzione a Epicuro /$cdi Domenico Pesce. 260 $aRoma :$bLaterza,$c1985. 300 $a203 p. ;$c18 cm 490 1 $aI filosofi ;$v31 504 $aBibliografia: p. [171-198]. 600 04$aEpicurus,$d341-270 a.C$xFilosofia.$0(OLS)http://pul/subject/23053 830 2$aI filosofi (Laterza) ;$v31.$0(OLS)http://pul/title/7858 850 $aPUL 852 $aPUL$W1$xDP1 Altre Collocazioni$y17$m80 M 12$j76719$nBK-PRI$b $qStampati$B76719$CPULBib$Z2$F76719 $H $81 941 1 $a8 961 $aINV: 73298 996 $6020$a8842017833$9(OLS)http://pul/number/74578 996 $6245$aIntroduzione a Epicuro$9(OLS)http://pul/title/78733 996 $6260$aRoma :$bLaterza$9(OLS)http://pul/publisher/47864 LEADER 01270nam a2200289 a 4500 001 000000138085 003 CaOOAMICUS 005 20140409122719.0 008 140409s1993 it u000 ubita r 020 $a88-04-37357-1 040 $aPUL$bita 100 1 $aVespa, Bruno,$d1944-$0(OLS)http://pul/name/66055 245 10$aTelecamera con vista :$bda Valpreda a Di Pietro, 25 anni di storia italiana nei retroscena del telegiornale /$cBruno Vespa. 260 $aMilano :$bArnoldo Mondadori,$cİ1993$aRoma :$bNuova Eri 300 $a345 p. ;$c22 cm 490 1 $aIngrandimenti 651 4$aItalia$xStoria$ySec. XX.$0(OLS)http://pul/subject/6333 830 0$aIngrandimenti.$0(OLS)http://pul/title/166734 850 $aPUL 852 $aPUL$W1$xDP1 Fondo E. Rossi$y115$m7 C 69$j159180$qFondi$B158720$CPULBib$Z2$F158720 $82 941 1 $a1 961 $aDedica autografa dell'A. 996 $6020$a88-04-37357-1$9(OLS)http://pul/number/155054 996 $6245$aTelecamera con vista :$bda Valpreda a Di Pietro, 25 anni di storia italiana nei retroscena del telegiornale$9(OLS)http://pul/title/174836 996 $6260$aMilano :$bArnoldo Mondadori$9(OLS)http://pul/publisher/60431 996 $6260$aRoma :$bNuova Eri$9(OLS)http://pul/publisher/82666